Logo BPK

Biblioteka

Politechniki Koszalińskiej

Modelowanie hybrydowych układów mocy i optymalizacja ich konstrukcji ze względu na rozkład temperatury / (Rekord nr 30327)

Szczegóły MARC
000 -ETYKIETA REKORDU
podpole kontrolne o stałej długości 02530nam a2200637 i 4500
001 - NUMER KONTROLNY REKORDU
pole kontrolne 30327
003 - IDENTYFIKATOR NUMERU KONTROLNEGO REKORDU
podpole kontrolne KOSZ 005
005 - DATA OSTATNIEJ MODYFIKACJI REKORDU
podpole kontrolne 20230515130856.0
008 - POLE O STAŁEJ DŁUGOŚCI - DANE KONTROLNE
podpole kontrolne o stałej długości 230428s1994 pl a f 000 0 pol
015 ## - NUMER BIBLIOGRAFII NARODOWEJ
Numer bibliografii narodowej UWD 1994/7109
035 ## - NUMER SYSTEMOWY
Numer systemowy przejętego rekordu 991000587599705066
035 ## - NUMER SYSTEMOWY
Numer systemowy przejętego rekordu (PL-WaBN)b10198726-48omnis_nlop
035 ## - NUMER SYSTEMOWY
Numer systemowy przejętego rekordu b10198726
035 ## - NUMER SYSTEMOWY
Numer systemowy przejętego rekordu (OCoLC)233491026
035 ## - NUMER SYSTEMOWY
Numer systemowy przejętego rekordu (PL)b0000001019872
035 ## - NUMER SYSTEMOWY
Numer systemowy przejętego rekordu (EXLNZ-48OMNIS_NETWORK)9910046939205606
040 ## - ŹRÓDŁO KATALOGOWANIA
Instytucja, która sporządziła opis WA N
Instytucja, która utworzyła rekord WA N
Instytucja, która dokonała modyfikacji KOSZ 005/RW
041 0# - KOD JĘZYKA
Kod języka tekstu pol
Kod języka streszczenia lub abstraktu eng
046 ## - DATY KODOWANE
Pojedyncza data lub początek okresu powstania dzieła lub zbioru dzieł 1994
080 ## - UNIWERSALNA KLASYFIKACJA DZIESIĘTNA - UKD
UKD 621.3.049.77
080 ## - UNIWERSALNA KLASYFIKACJA DZIESIĘTNA - UKD
UKD 536
080 ## - UNIWERSALNA KLASYFIKACJA DZIESIĘTNA - UKD
UKD 519.86/.87
100 1# - NAZWA OSOBOWA
Nazwa osobowa Kos, Andrzej
Daty związane z nazwą (1954- )
Określenie rodzaju współpracy Autor
245 10 - TYTUŁ/ODPOWIEDZIALNOŚĆ
Tytuł Modelowanie hybrydowych układów mocy i optymalizacja ich konstrukcji ze względu na rozkład temperatury /
Pozostałe elementy strefy tytułu i oznaczenia odpowiedzialności Andrzej Kos ; [recenzent Stanisław Nowak].
246 31 - WARIANT TYTUŁU
Tytuł Modelling of hybrid power circuits and optimisation of their constructions in aspect of temperature distribution
250 ## - STREFA WYDANIA
Oznaczenie wydania Wydanie I.
260 ## - STREFA ADRESU WYDAWNICZEGO
Miejsce wydania Kraków :
Nazwa wydawcy/dystrybutora Wydawnictwa AGH,
Data publikacji, dystrybucji/powstania dokumentu 1994.
300 ## - STREFA OPISU FIZYCZNEGO
Objętość 160 stron :
Inne cechy fizyczne fotografie, rysunki, wykresy ;
Rozmiary 24 cm.
336 ## - TYP ZAWARTOŚCI
Termin opisujący typ zawartości Tekst
Kod określający zawartość txt
Źródło (terminu i kodu) rdacontent
337 ## - TYP MEDIÓW
Tryb odtwarzania Bez urządzenia pośredniczącego
Kod typu mediów n
Źródło (terminu i kodu) rdamedia
338 ## - TYP/RODZAJ NOŚNIKA
Hasło opisujące typ nośnika Wolumin
Kod typu nośnika nc
Źródło (terminu i kodu) rdacarrier
380 ## - FORMA I TYP PUBLIKACJI
Forma i typ publikacji Książki
380 ## - FORMA I TYP PUBLIKACJI
Forma i typ publikacji Publikacje naukowe
388 1# - CZAS POWSTANIA
Czas powstania 1901-2000
388 1# - CZAS POWSTANIA
Czas powstania 1989-2000
490 1# - STREFA SERII I DOKUMENTU WIELOCZĘŚCIOWEGO - FORMA NIE DO WYSZUKIWANIA
Tytuł i oznaczenie odpowiedzialności serii Rozprawy, Monografie / [Akademia Górniczo-Hutnicza im. S. Staszica] =
-- Dissertations, Monographies,
ISSN 0867-6631 ;
Numeracja w obrębie serii nr 1
500 ## - UWAGI OGÓLNE
Tekst uwagi Tytuł równoległy : Modelling of hybrid power circuits and optimisation of their constructions in aspect of temperature distribution.
504 ## - UWAGA DOTYCZĄCA BIBLIOGRAFII
Informacje o bibliografii Bibliografia na stronach [134]-160.
546 ## - UWAGA O JĘZYKU
Uwaga o języku Streszczenie w języku angielskim.
650 #7 - HASŁO PRZEDMIOTOWE W FORMIE NAZWY OGÓLNEJ LUB JEDNOSTKOWEJ
Nazwa ogólna lub geograficzna Budowa i konstrukcje
Źródło hasła lub terminu DBN
650 #7 - HASŁO PRZEDMIOTOWE W FORMIE NAZWY OGÓLNEJ LUB JEDNOSTKOWEJ
Nazwa ogólna lub geograficzna Elektronika
Źródło hasła lub terminu DBN
650 #7 - HASŁO PRZEDMIOTOWE W FORMIE NAZWY OGÓLNEJ LUB JEDNOSTKOWEJ
Nazwa ogólna lub geograficzna Mikroelektronika
Źródło hasła lub terminu DBN
650 #7 - HASŁO PRZEDMIOTOWE W FORMIE NAZWY OGÓLNEJ LUB JEDNOSTKOWEJ
Nazwa ogólna lub geograficzna Modele matematyczne
Źródło hasła lub terminu DBN
650 #7 - HASŁO PRZEDMIOTOWE W FORMIE NAZWY OGÓLNEJ LUB JEDNOSTKOWEJ
Nazwa ogólna lub geograficzna Optymalizacja
Źródło hasła lub terminu DBN
650 #7 - HASŁO PRZEDMIOTOWE W FORMIE NAZWY OGÓLNEJ LUB JEDNOSTKOWEJ
Nazwa ogólna lub geograficzna Pomiary
Źródło hasła lub terminu DBN
650 #7 - HASŁO PRZEDMIOTOWE W FORMIE NAZWY OGÓLNEJ LUB JEDNOSTKOWEJ
Nazwa ogólna lub geograficzna Temperatura
Źródło hasła lub terminu DBN
650 #7 - HASŁO PRZEDMIOTOWE W FORMIE NAZWY OGÓLNEJ LUB JEDNOSTKOWEJ
Nazwa ogólna lub geograficzna Urządzenia
Źródło hasła lub terminu DBN
655 #7 - TERMIN INDEKSOWY - OKREŚLENIE RODZAJU/FORMY DOKUMENTU
Określenie rodzaju/formy dokumentu Monografia
658 ## - TERMIN INDEKSOWY - PRZEDMIOT PROGRAMU NAUCZANIA
Główny przedmiot programu nauczania Inżynieria i technika
700 1# - HASŁO DODATKOWE - NAZWA OSOBOWA
Nazwa osobowa Nowak, Stanisław
Daty związane z nazwą (1931-2012)
Określenie związku między hasłem a opisywanym materiałem Recenzja
710 2# - HASŁO DODATKOWE - NAZWA CIAŁA ZBIOROWEGO
Nazwa ciała zbiorowego lub jednostki geograficznej Wydawnictwa AGH
Kod określenia powiązania pbl
830 #0 - HASŁO DODATKOWE SERII LUB DOKUMENTU WIELOCZĘŚCIOWEGO - TYTUŁ UJEDNOLICONY
Tytuł ujednolicony Rozprawy, Monografie - Akademia Górniczo-Hutnicza im. Stanisława Staszica
Oznaczenie tomu 1
856 ## - LOKALIZACJA I DOSTĘP DO ELEKTRONICZNYCH DOKUMENTÓW ZDALNYCH
Link (URL) http://koha.tu.koszalin.pl/cgi-bin/koha/opac-detail.pl?biblionumber=30327
Tekst linku Katalog online BPK
942 ## - DODATKOWE ELEMENTY (KOHA)
Schemat klasyfikacji Uniwersalna Klasyfikacja Dziesiętna
Typ dokumentu Książka
Egzemplarze
Wycofany Status egzemplarza Uszkodzony Dostępność Lokalizacja stała Lokalizacja bieżąca Miejsce przechowywania Sygnatura Kod kreskowy Typ dokumentu
      Dostępny Biblioteka Politechniki Koszalińskiej Biblioteka Politechniki Koszalińskiej Wypożyczalnia BG 37003 01229486 Książka
      Dostępny Biblioteka Politechniki Koszalińskiej Biblioteka Politechniki Koszalińskiej Wypożyczalnia BG 123516 02716039 Książka
© 2023 Biblioteka Politechniki Koszalińskiej :: KOHA